000 00538nam a2200229Ia 4500
003 OSt
005 20220924140322.0
006 a|||||r|||| 00| 0
007 ta
008 220923b |||||||| |||| 00| 0 ben d
024 _a294572
037 _cTextual
040 _aARTS
_cARTS
_bben
041 _2ben
_aben
082 _aO157,2N021,2, J4
100 _aDas
245 0 _aEklabya
260 _c1954
650 _aBENGALI LITERATURE
942 _hO157,2N021,2, J4
_cTEXL
_2CC
999 _c443758
_d443758